| 000 | 00767nam a22002537a 4500 | ||
|---|---|---|---|
| 005 | 20170124110029.0 | ||
| 010 | _aA-948420 | ||
| 020 |
_c00.00 _a8174730095 |
||
| 035 | _aA-948420 | ||
| 037 | _bCen Lib/Ret | ||
| 040 |
_aDPL _bEN |
||
| 082 |
_a616 _bRAM |
||
| 100 |
_aRaman, P.G. _921247 |
||
| 245 |
_aShort cases in medicine / _cby P.G. Raman, L.C. Gupta [and] Dr. Puneet Rastogi |
||
| 260 |
_aDelhi _bA.I.T.B.S. Publishers & Distributors _c1997 |
||
| 270 |
_aJ-5/6, Krishan Nagar _bDelhi _e110051 |
||
| 300 |
_a208p. : _c24cm(Hb) _bill. |
||
| 500 | _aIncludes index. | ||
| 650 |
_a Clinical medicine _921248 |
||
| 650 |
_aMedicine _93881 |
||
| 700 |
_aGupta, L.C. _9666 |
||
| 700 |
_aRastogi, Puneet _921249 |
||
| 942 |
_2ddc _cEN _h616 _mRAM |
||
| 999 |
_c127693 _d127693 |
||